La Vendimia : revista mensual / Órgano del Centro Gremial de Líquidos 'La Unión' revista mensual / Órgano del Centro Gremial de Líquidos 'La Unión'
Descripción Física:
volums : periodicitat mensual ; 16 cm
Idioma:
Español
MARC
| LEADER | 00000nas a2200000 a 4500 | ||
|---|---|---|---|
| 001 | 29017 | ||
| 003 | AGDB | ||
| 005 | 20260324180126.0 | ||
| 008 | 160829s1928 xx 000 0 cat d | ||
| 041 | |a spa | ||
| 080 | |a Revistes | ||
| 245 | |a La Vendimia : |b revista mensual / Órgano del Centro Gremial de Líquidos 'La Unión' | ||
| 260 | |a Barcelona : |b [s.n.], |c 1928 | ||
| 300 | |a volums : |b periodicitat mensual ; |c 16 cm | ||
| 500 | |a Programa de festes en honor de Santa Maria | ||
| 590 | |a Mensual. | ||
| 590 | |a Descripció basada en: 1928. | ||
| 590 | |a A la coberta: Programa. Fiestas en honor de Santa Marta, organizadas por el Centro Gremial de Líquidos La Unión, de Sans y Las Corts. | ||
| 590 | |a Prové de 3918, exp. 265 | ||
| 650 | |a Festivitats religioses |x Barcelona |x Revistes |9 47124 | ||
| 650 | |a Festes |x Barcelona |x Revistes |9 47125 | ||
| 710 | |a Centro Gremial de Líquidos "La Unión" |9 72758 | ||
| 866 | |a 1928 | ||
| 901 | |a Arxiu | ||
| 942 | |n 1 |2 udc |c ARXIU | ||
| 952 | |0 0 |1 0 |2 udc |4 0 |6 REV2392 |7 1 |9 53680 |a Arxiu |b Arxiu |d 2016-12-01 |h 1928 |l 0 |o Rev-2392 |p 29017 |r 2016-12-01 00:00:00 |w 2016-12-01 |y ARXIU | ||
| 999 | |c 57546 |d 57546 | ||